000 00961nam a2200253Ia 4500
003 OSt
005 20220918112027.0
006 a|||||r|||| 00| 0
007 ta
008 220915b |||||||| |||| 00| 0 san d
024 _a37303
037 _cTextbook
040 _bsan
_aARTS
_cARTS
041 _asan
082 _aO15,3D60,1, 152K0-;2(TTPS)
100 _aशास्त्री, कृष्णमोहन
_91697
245 0 _aकादम्बरी: चन्द्रकला-विधोतिनी
246 _aKādambarī: chandrakalā-vidhotinī
260 _aवाराणसी
_bचौखम्बा संस्कृत सीरीज आाफिस भारत
_c1960
300 _a672पण्
_ccm.
650 _aहिन्दी साहित्य
942 _hO15,3D60,1, 152K0-;2(TTPS)
_cTB
_2CC
999 _c117941
_d117941